N64 Zelda Songs - Statistics

General Stats
  • This quiz has been taken 62 times
  • The average score is 13 of 22
Answer Stats
Game(s) Song % Correct
Both Song Of Time
93%
Both Song Of Storms
84%
Ocarina Of Time Zelda's Lullaby
84%
Ocarina Of Time Saria's Song
82%
Both Epona's Song
77%
Ocarina Of Time Bolero Of Fire
73%
Majora's Mask Song Of Healing
68%
Ocarina Of Time Minuet Of Forest
61%
Ocarina Of Time Serenade Of Water
61%
Ocarina Of Time Nocturne Of Shadow
59%
Ocarina Of Time Sun's Song
59%
Ocarina Of Time Requiem Of Spirit
54%
Ocarina Of Time Prelude Of Light
52%
Majora's Mask Elegy Of Emptiness
48%
Majora's Mask Goron Lullaby
48%
Both Scarecrow's Song
48%
Majora's Mask Song Of Double Time
46%
Majora's Mask Song Of Soaring
46%
Majora's Mask Sonata Of Awakening
39%
Majora's Mask Oath To Order
38%
Majora's Mask New Wave Bossa Nova
34%
Majora's Mask Inverted Song Of Time
29%
No matching quizzes found
Score Distribution
Percent of People with Each Score
Percentile by Number Answered
Your Score History
You have not taken this quiz